000 01342nam a22002773i 4500
001 21825507
003 OSt
005 20251001103928.0
008 201130s2019 cb 000 0 eng
010 _a 2020306852
020 _a9781938141034
040 _aDLC
_beng
_erda
_cDLC
082 _a320.9596
100 _aDin, Darathtey
245 0 0 _aCambodia 2040 :
_bculture and society /
260 _aPhnom Penh :
_bKonrad Adenauer Stiftung,
_c2015.
300 _a225 pages :
_c26 cm.
336 _atext
_btxt
_2rdacontent
337 _aunmediated
_bn
_2rdamedia
338 _avolume
_bnc
_2rdacarrier
520 _aThe second volume of this series sets out to paint a picture of the future of Cambodian culture and society in the year 2040 with authors such as Ms. Din Darathtey, Mr. Harry Catherine, Ms. Nhek Pichponreingsey, Mr. Khoun Theara, Mr. Sun Chhai, Ms. Hoy Sokkea, Mr. Soeung Sophat, Mr. You Sokunpanha and Mr. Chhorn Theara. The topics of gender equality, education, health, food, media, tourism, and many others are covered in this outing with the projection of possible future scenarios and constructive recommendations that will guide Cambodia to meet its goals in the next two decades.
546 _aIn English.
650 _aCulture and Society
906 _a7
_bacq
_cacqwork
_du
_encip
_f20
_gz-acqworks
942 _2lcc
_cBK
_n0
999 _c7
_d7